000 00209nam a22000977a 4500
999 _c15810
_d15810
003 OSt
008 191021b ||||| |||| 00| 0 eng d
100 _aSurendran,K.
_94311
245 _aPaluku pathram
942 _cBK